Vilains Marvel qui commencent par la lettre A - Statistiques

Statistiques générales
  • Ce quiz a été pris 44 fois
  • Le résultat moyen est 9 sur 45
Statistiques - réponses
Par images Réponse % Correct
Abomination
93%
Aldrich Killian
58%
Anti-Venom
56%
Apocalypse
53%
Arnim Zola
44%
Attuma
40%
Annihilus
37%
Homme-Absorbant / Absorbing-Man
37%
Agatha Harkness
35%
Alexander Pierce
35%
Arès
35%
Ajax
33%
Azazel
33%
Alioth
28%
Arcade
28%
Avalanche
26%
la Réponse / Answer
21%
Alexandra Reid
16%
Anaconda
16%
Agony
14%
Azrael
14%
Tatou / Armadillo
12%
Abysse / Abyss
9%
Ammo / Munition
9%
Arkon
9%
Arno Stark
9%
Aardwolf
7%
Abadon
7%
Abraxas
7%
Absalom
7%
Aftershock
7%
Alistair Smythe
7%
Arclight
7%
Aries / le Bélier
7%
Génial Androïde / Awesome Android
7%
l'Adversaire / Adversary
7%
Air-Walker
5%
Akhenaten / Akhenaton
5%
Amphibius
5%
Angar / Angar the Screamer
5%
Aquarius
5%
Aqueduct / Sorcier des Eaux
5%
Asp
5%
Singe / Ape-Man
5%
Alkhema
2%
Aucun quiz correspondant
Distribution des résultats
% des personnes avec chaque résultat
Percentile par nombre de réponses
Votre historique - résultats
Vous n’avez pas pris ce quiz